000
00223 a2200097 4500
001
57495
100
_a
245
_a
Majmoah Mirza Azim Baig Chughtai
260
_a
Lahore
_b
Sange Meil
_c
1997
090
_c
35225
_d
35225
942
_a
NUST-CAE
_c
MONOGRAPH
_c
28031
999
_c
292568
_d
292568